Т. 50 : Стабилизированные вентильные преобразователи; Труды Всесоюзного научно-исследовательского института электромеханики (ВНИИЭМ)

מידע ביבליוגרפי
Parent link:Труды Всесоюзного научно-исследовательского института электромеханики (ВНИИЭМ): [сборник научных трудов]/ Всесоюзный научно-исследовательский институт электромеханики (ВНИИЭМ); гл. ред А. Г. Иосифьян. Т. 50 : Стабилизированные вентильные преобразователи.— .— Москва: Изд-во ЦИНТИЭ, 1959-
מחבר תאגידי: Всесоюзный научно-исследовательский институт электромеханики (ВНИИЭМ)
מחברים אחרים: Иосифьян А. Г. (редактор)
שפה:רוסית
יצא לאור: Москва, Изд-во ВНИИЭМ, 1977
נושאים:
פורמט: ספר
KOHA link:https://koha.lib.tpu.ru/cgi-bin/koha/opac-detail.pl?biblionumber=677175

MARC

LEADER 00000nam0a2200000 4500
001 677175
005 20241204173828.0
035 |a (RuTPU)RU\TPU\book\327685 
090 |a 677175 
100 |a 20241204d1977 k y0rusy50 ca 
101 0 |a rus 
102 |a RU 
105 |a a z 001zy 
200 1 |a Т. 50 : Стабилизированные вентильные преобразователи  |f Всесоюзный научно-исследовательский институт электромеханики (ВНИИЭМ) ; под ред. А. Г. Иосифьяна 
210 |a Москва  |c Изд-во ВНИИЭМ  |d 1977 
215 |a 113 с.  |c ил. 
320 |a Библиография в конце статей 
461 1 |0 676897  |9 676897  |t Труды Всесоюзного научно-исследовательского института электромеханики (ВНИИЭМ)  |o [сборник научных трудов]  |f Всесоюзный научно-исследовательский институт электромеханики (ВНИИЭМ)  |g гл. ред А. Г. Иосифьян  |c Москва  |n Изд-во ЦИНТИЭ  |n Энергия  |n Изд-во ВНИИЭМ  |d 1959-  |v Т. 50 : Стабилизированные вентильные преобразователи 
606 |a Электрические машины  |2 stltpush  |3 (RuTPU)RU\TPU\subj\51376  |9 50877 
610 1 |a электрические цепи 
610 1 |a математическое моделирование 
610 1 |a вентили 
610 1 |a инвертор напряжения 
610 1 |a потребители 
610 1 |a конденсаторы 
610 1 |a коммутационная устойчивость 
610 1 |a переходные процессы 
610 1 |a короткозамкнутый двигатель 
610 1 |a бесперебойное питание 
610 1 |a режимы работы 
610 1 |a амплитудная модуляция 
610 1 |a быстродействующая защита 
610 1 |a выпрямители 
610 1 |a тепловое сопротивление 
610 1 |a полупроводниковые приборы 
610 1 |a охлаждение 
610 1 |a керамическая изоляция 
675 |a 621.313  |v 3 
702 1 |a Иосифьян  |b А. Г.  |4 340 
712 0 2 |a Всесоюзный научно-исследовательский институт электромеханики (ВНИИЭМ)  |c (Москва)  |c (1959-1992)  |3 (RuTPU)RU\TPU\col\11816 
801 1 |a RU  |b 63413507  |c 20241204 
801 2 |a RU  |b 63413507  |c 20241204  |g RCR 
942 |c CR